Vista normal
Vista MARC
Entrada Personal Name
Número de registros utilizados en: 1
001 - CONTROL NUMBER
- control field: 39701
003 - CONTROL NUMBER IDENTIFIER
- control field: OSt
005 - DATE AND TIME OF LATEST TRANSACTION
- control field: 20210825153543.0
008 - FIXED-LENGTH DATA ELEMENTS
- fixed length control field: 210825|| aca||aabn | a|a d
040 ## - CATALOGING SOURCE
- Original cataloging agency: OSt
- Transcribing agency: OSt
100 ## - HEADING--PERSONAL NAME
- Personal name: Testa, Víctor
670 ## - SOURCE DATA FOUND
- Source citation: Work cat.: (OSt)12280: V.K. Dmitriev, autor 27790, Ensayos económicos sobre el valor, la competencia y la utilidad / , 1977.